| 000 | 00633nam a2200217 u 4500 | ||
|---|---|---|---|
| 005 | 20240924071232.0 | ||
| 008 | 080520s2005 r 000 0 eng d | ||
| 020 | _a842635551X | ||
| 035 | _aUPN01000156011 | ||
| 049 | _aI | ||
| 050 | 4 |
_aPZ78 _bV3.6 |
|
| 100 | 1 |
_aVantal, Anne, _d1956- |
|
| 245 | 1 | 1 |
_a¿Por qué no tengo los ojos azules? / _cAnne Vantal ; il. y tr. de Asun Balzola. |
| 260 |
_aZaragoza, Esp. : _bEdelvives, _cc2005. |
||
| 300 |
_a75 p. : _bil. |
||
| 440 | 0 |
_aAla delta. _v44. _pAzul |
|
| 650 | 4 |
_aLiteratura infantil _94445 |
|
| 650 | 2 |
_aAutopercepción _93822 |
|
| 650 | 2 |
_aAdopción _91040 |
|
| 905 | _aInfantil | ||
| 999 |
_c128125 _d128125 |
||